[Event "AUTO-OPEN-823"]
[Site "http://www.queenalice.com/game.php?id=269082"]
[Date "2007.9.9"]
[Round "1"]
[White "dac"]
[Black "Spike"]
[Result "1-0"]
[WhiteElo "1937"]
[BlackElo "2136"]

1. e4 e6 2. Nf3 d5 3. e5 c5 4. c3 Nc6 5. d4 Qb6 6. Bd3 Bd7 7. dxc5 Bxc5 8. O-O
Rc8 9. b4 Bf8 10. a4 a6 11. Na3 Qc7 12. Re1 Be7 13. Qe2 Nd8 14. b5 a5 15. Bb2 b6
16. c4 Bxa3 17. Bxa3 dxc4 18. Rac1 cxd3 19. Qxd3 Nc6 20. Nd4 Nxe5 21. Qg3 Qd8
22. Nf5 Qf6 23. Nxg7+ Kd8 24. Rxc8+ Kxc8 25. Nh5 Nf3+ 26. Kh1 Nxe1 27. Nxf6 Nxf6
28. Qc3+ Kb7 29. Qxf6 1-0

[Event "AUTO-OPEN-666"]
[Site "http://www.queenalice.com/game.php?id=278854"]
[Date "2007.9.29"]
[Round "2"]
[White "Bergman"]
[Black "dac"]
[Result "1/2-1/2"]
[WhiteElo "2528"]
[BlackElo "2037"]

1. e4 d5 2. exd5 Qxd5 3. Nc3 Qd6 4. d4 Nf6 5. Nf3 Nc6 6. Nb5 Qd8 7. Ne5 Nxe5 8.
dxe5 Qxd1+ 9. Kxd1 Nd5 10. c4 a6 11. cxd5 axb5 12. Bxb5+ Bd7 13. Bc4 e6 14. dxe6
Bxe6 15. Bxe6 fxe6 16. Ke2 Bc5 17. Be3 Bxe3 18. Kxe3 g5 19. Rhc1 O-O-O 20. Rc5
Rhf8 21. f3 Rd7 22. Rac1 Rf5 23. g4 Rf4 24. R1c3 Rdf7 25. Ke2 h5 26. h3 hxg4 27.
hxg4 Rh7 28. a3 Rff7 29. b4 Rh2+ 30. Ke3 Rh3 31. Kf2 Kb8 32. Rd3 Rh2+ 33. Ke3
Rh3 34. Ke2 Rh2+ 35. Kd1 Rh1+ 36. Kc2 Rh2+ 37. Kb3 Re2 38. b5 b6 39. Rd8+ Ka7
40. Rc3 Rxe5 41. a4 Kb7 42. Rg8 Rd7 43. Ka3 Re7 44. Kb3 Rd7 45. Rh8 Re2 46. Rh5
Re5 47. Rh6 Rf7 48. Rg6 Rd7 49. Ka3 Kc8 50. Kb3 Kb7 51. Rg8 1/2-1/2

[Event "AUTO-OPEN-666"]
[Site "http://www.queenalice.com/game.php?id=278855"]
[Date "2007.9.29"]
[Round "2"]
[White "dac"]
[Black "Bergman"]
[Result "1/2-1/2"]
[WhiteElo "2061"]
[BlackElo "2526"]

1. e4 d5 2. exd5 Qxd5 3. Nc3 Qa5 4. d3 Nf6 5. Bd2 e5 6. Nf3 Nc6 7. a3 Nd4 8. Be2
Be7 9. O-O c6 10. Ne4 Qc7 11. Nxf6+ Bxf6 12. Re1 O-O 13. c3 Nxe2+ 14. Qxe2 Bg4
15. Qe4 Bxf3 16. Qxf3 Rfd8 17. Rad1 Qb6 18. Bc1 Qb3 19. Re4 Qc2 20. Kf1 c5 21.
Qe2 Qxe2+ 22. Rxe2 c4 23. Re4 cxd3 24. Re3 Bg5 25. Rxe5 Bxc1 26. Rxc1 Rd7 27.
Rce1 Kf8 28. Rd1 Rad8 29. Ke1 f6 30. Re3 d2+ 31. Ke2 Kf7 32. c4 Rd4 33. Rc3 f5
34. Rc2 Re4+ 35. Kf1 Kf6 36. c5 Red4 37. Ke2 Re8+ 38. Kf1 Red8 39. Ke2 R8d5 40.
Rdxd2 Rxd2+ 41. Rxd2 Rxc5 42. b4 Rc7 43. f4 b6 44. Rd3 Rc1 45. Rd7 Rc2+ 46. Kd3
Rxg2 47. Rxa7 Rxh2 48. Ra6 Rf2 49. Rxb6+ Kf7 50. a4 Rxf4 51. a5 Rf3+ 52. Ke2 Ra3
53. a6 g5 54. Rb7+ Ke6 55. a7 Ra2+ 56. Kd1 Ra1+ 57. Kc2 f4 58. b5 f3 59. Rb6+
Ke7 60. Ra6 Rxa6 1/2-1/2

[Event "AUTO-INT-468"]
[Site "http://www.queenalice.com/game.php?id=286368"]
[Date "2007.10.14"]
[Round "3"]
[White "dante72"]
[Black "dac"]
[Result "0-1"]
[WhiteElo "1816"]
[BlackElo "2017"]

1. d4 c5 2. c3 cxd4 3. Qxd4 Nc6 4. Qd1 Nf6 5. g3 e5 6. Bg2 d5 7. Nf3 Bc5 8. O-O
O-O 9. Bg5 Be6 10. b4 Bd6 11. Na3 a5 12. b5 Na7 13. Qc1 Qe7 14. Bxf6 gxf6 15.
Nc2 Nxb5 16. Nce1 Rfc8 17. Qh6 Nxc3 18. e3 Ba3 19. Nd3 Bf5 20. Nde1 Bb2 21. Nh4
Bg6 22. Nef3 Bxa1 23. Rxa1 Qf8 24. Qxf8+ Kxf8 25. Nxg6+ fxg6 26. Kf1 Ra6 27. Rc1
Rac6 28. Rc2 Ne4 29. Rb2 Rc2 30. Rxc2 Rxc2 31. Ne1 Rxf2+ 32. Kg1 Rxa2 33. Bxe4
dxe4 34. Ng2 b5 35. h4 b4 36. g4 b3 37. g5 fxg5 38. hxg5 b2 39. Kh2 b1=Q 40. Kg3
Qf1 0-1

[Event "AUTO-INT-468"]
[Site "http://www.queenalice.com/game.php?id=286369"]
[Date "2007.10.14"]
[Round "3"]
[White "dac"]
[Black "dante72"]
[Result "1-0"]
[WhiteElo "2008"]
[BlackElo "1821"]

1. e4 e5 2. Nf3 d6 3. g3 Bg4 4. Bg2 Nf6 5. O-O Be7 6. h3 Bh5 7. d3 O-O 8. g4 Bg6
9. Nh4 Nbd7 10. f4 exf4 11. Nxg6 hxg6 12. Bxf4 Nh7 13. d4 Bg5 14. Bh2 Ndf6 15.
Qe1 Re8 16. h4 Nxg4 17. hxg5 Qxg5 18. Bf4 Qh5 19. Nc3 Re6 20. Qg3 g5 21. Bd2
Nhf6 22. Rf5 Nh7 23. Bf3 Nhf6 24. Rxg5 Qh2+ 25. Qxh2 Nxh2 26. Kxh2 Nh7 27. Rg4
Nf6 28. Rh1 Nh7 29. Kg3 c6 30. Rgh4 Rg6+ 31. Kf2 Rh6 32. Bxh6 gxh6 33. Rg4+ Kf8
34. Rxh6 1-0

[Event "AUTO-INT-468"]
[Site "http://www.queenalice.com/game.php?id=286370"]
[Date "2007.10.14"]
[Round "3"]
[White "alexnu"]
[Black "dac"]
[Result "0-1"]
[WhiteElo "1917"]
[BlackElo "2025"]

1. e4 d5 2. exd5 Qxd5 3. Nc3 Qd6 4. Nf3 Nf6 5. Bc4 Bg4 6. O-O Nc6 7. h3 Bh5 8.
Bb5 O-O-O 9. g4 Bg6 10. d3 e6 11. Re1 a6 12. Ba4 Be7 13. Bxc6 Qxc6 14. Bf4 Nd5
15. Nxd5 Qxd5 16. Be5 h5 17. g5 f6 18. gxf6 gxf6 19. Bc3 Bf5 20. Nh4 Rhg8+ 21.
Kf1 Bxh3+ 22. Ke2 f5 23. d4 Bg4+ 24. f3 Qe4+ 25. Kd2 Bg5+ 0-1

[Event "AUTO-INT-468"]
[Site "http://www.queenalice.com/game.php?id=286371"]
[Date "2007.10.14"]
[Round "3"]
[White "dac"]
[Black "alexnu"]
[Result "1-0"]
[WhiteElo "2051"]
[BlackElo "1907"]

1. e4 e5 2. Nf3 Nc6 3. g3 Bc5 4. Bg2 d6 5. O-O Bg4 6. h3 Bh5 7. d3 f6 8. c3 Nge7
9. b4 Bb6 10. Nbd2 a6 11. Nc4 Qd7 12. Nfxe5 Bxd1 13. Nxd7 Kxd7 14. Rxd1 Ba7 15.
d4 Rab8 16. a4 Nd8 17. b5 Ne6 18. Be3 axb5 19. axb5 Bb6 20. h4 Nc8 21. f4 Re8
22. Re1 Ke7 23. Kh2 Kf7 24. f5 Nf8 25. g4 Nd7 26. Bf4 Ne7 27. g5 Ng8 28. Bf3 Ne7
29. gxf6 Nxf6 30. Nxb6 cxb6 31. Bxd6 Rbc8 32. Rac1 g6 33. Bxe7 Rxe7 34. e5 Ne8
35. Bd5+ Kf8 36. f6 Rec7 37. c4 Rd8 38. Rf1 1-0

[Event "AUTO-ADV-533"]
[Site "http://www.queenalice.com/game.php?id=295172"]
[Date "2007.10.30"]
[Round "2"]
[White "frigiliana"]
[Black "dac"]
[Result "1-0"]
[WhiteElo "2294"]
[BlackElo "2075"]

1. e4 d5 2. d4 dxe4 3. Nc3 Nf6 4. Bg5 a6 5. Qd2 b5 6. f3 Bb7 7. O-O-O exf3 8.
Nxf3 Nbd7 9. Bd3 e6 10. Rhe1 Be7 11. d5 Nxd5 12. Nxd5 Bxd5 13. Be4 Bxe4 14. Rxe4
Bxg5 15. Nxg5 Qe7 16. Qe3 O-O-O 17. Rf1 Rdf8 18. Nf3 Qc5 19. Qe2 Nf6 20. Re3 Nd5
21. Ra3 Kb8 22. g3 Nb6 23. Nd2 Ka7 24. h4 Qd5 25. Rc3 Kb8 26. Kb1 e5 27. Ne4 Na4
28. Rd3 Qc6 29. g4 f6 30. h5 Nc5 31. Nxc5 Qxc5 32. Rfd1 Qb6 33. Qe4 g6 34. hxg6
hxg6 35. Qxg6 Qe6 36. Qe4 Rhg8 37. b3 Rc8 38. Rd4 Ka7 39. Kb2 Rge8 40. Rd7 1-0

[Event "AUTO-ADV-533"]
[Site "http://www.queenalice.com/game.php?id=295173"]
[Date "2007.10.30"]
[Round "2"]
[White "dac"]
[Black "frigiliana"]
[Result "0-1"]
[WhiteElo "2068"]
[BlackElo "2299"]

1. e4 c5 2. Nf3 d6 3. d4 cxd4 4. Nxd4 Nf6 5. Nc3 a6 6. Bc4 b5 7. Bb3 Bb7 8. O-O
e6 9. Re1 Nbd7 10. a3 Nc5 11. Bd5 Qc7 12. Qf3 Be7 13. Bxb7 Qxb7 14. Be3 Nfxe4
15. Nxe4 Qxe4 16. Qd1 O-O 17. Nxb5 axb5 18. Bxc5 Qf5 19. Bb4 Rfc8 20. c3 Bh4 21.
Qe2 Ra6 22. Rad1 d5 23. g3 Bf6 24. Qxb5 Raa8 25. Qd3 Qh3 26. b3 Qg4 27. Kg2 Rc6
28. h3 Qh5 29. Rc1 Rd8 30. Rc2 h6 31. f4 g5 32. Rf1 g4 33. h4 Qg6 34. f5 exf5
35. Qxf5 Re8 36. Qxg6+ fxg6 37. c4 dxc4 38. Rxc4 Rxc4 39. bxc4 Re6 40. a4 Rb6
41. Bd2 h5 42. a5 Rc6 0-1

[Event "AUTO-OPEN-672"]
[Site "http://www.queenalice.com/game.php?id=348583"]
[Date "2008.2.4"]
[Round "3"]
[White "Gambitshark"]
[Black "dac"]
[Result "1/2-1/2"]
[WhiteElo "2620"]
[BlackElo "2078"]

1. e4 e5 2. Nf3 Nf6 3. d4 exd4 4. e5 Ne4 5. Qxd4 d5 6. exd6 Nxd6 7. Qf4 Nc6 8.
Bd3 Qf6 9. O-O Qxf4 10. Bxf4 h6 11. Nc3 Be6 12. Rfe1 O-O-O 13. Bg3 g5 14. Nb5
Nxb5 15. Bxb5 Bg7 16. Bxc6 bxc6 17. Be5 Bxe5 18. Nxe5 c5 19. Re2 Rd6 20. Rae1 f6
21. Ng6 Rhd8 22. b3 c4 23. h4 Kd7 24. f3 a5 25. h5 c5 26. Re4 cxb3 27. cxb3 Ra8
28. f4 g4 29. Kh2 a4 30. bxa4 Bd5 31. Re7+ Kc6 32. Rh7 Rxa4 33. Ne7+ Kb5 34.
Nxd5 Rxd5 35. Rxh6 Rxf4 36. Rh8 Ra4 37. h6 Rh5+ 38. Kg3 f5 39. Rb1+ Kc6 40. Rb2
Kc7 41. h7 Ra3+ 42. Rb3 Rxa2 43. Re3 Ra1 44. Ree8 Ra3+ 45. Kf2 Ra2+ 46. Ke3 Kc6
47. Rc8+ Kb5 48. Rc7 Ra3+ 49. Kd2 Ra2+ 50. Kc3 Ra3+ 51. Kb2 Rg3 52. Rb8+ Kc4 53.
h8=Q Rxg2+ 54. Kc1 Rxh8 55. Rxh8 f4 56. Rf8 f3 57. Kd1 f2 58. Ke2 g3 59. Rf5
1/2-1/2

[Event "AUTO-OPEN-672"]
[Site "http://www.queenalice.com/game.php?id=348584"]
[Date "2008.2.4"]
[Round "3"]
[White "dac"]
[Black "Gambitshark"]
[Result "0-1"]
[WhiteElo "2080"]
[BlackElo "2619"]

1. e4 e6 2. d4 d5 3. Nd2 Nf6 4. e5 Nfd7 5. f4 c5 6. Ngf3 cxd4 7. Nb3 Nc6 8.
Nfxd4 a5 9. a4 Nc5 10. Be3 Nxd4 11. Nxd4 Bd7 12. Bb5 Ne4 13. Qh5 Bxb5 14. Nxb5
g6 15. Qh3 Rc8 16. c3 Bc5 17. Bxc5 Rxc5 18. Qh6 Rxb5 19. axb5 Qb6 20. O-O-O Qe3+
21. Kb1 Nd2+ 22. Ka1 Nc4 23. Rd4 Qe2 24. Rb1 Qc2 25. Rxc4 dxc4 26. Re1 a4 27. f5
gxf5 28. Qe3 a3 29. bxa3 Qb3 30. Re2 Qd1+ 31. Kb2 f4 32. Qf3 Qb3+ 33. Kc1 Qxa3+
34. Kb1 O-O 35. Ra2 Qb3+ 36. Rb2 Qa4 37. Rb4 Qa5 38. Qxf4 Ra8 39. Kc2 Qa2+ 40.
Rb2 Qa4+ 41. Kc1 Qa1+ 42. Kc2 Qe1 43. Qxc4 Rd8 44. Qg4+ Kf8 45. Qb4+ Ke8 46. Qg4
Rd5 47. c4 Rd2+ 48. Kb3 Rd3+ 49. Ka2 Qc3 50. Kb1 Qxe5 51. h3 h5 52. Qe2 Qd4 53.
b6 Ra3 54. Kc1 h4 55. Kb1 Qg1+ 56. Kc2 Rg3 57. Rb1 Qh2 0-1

[Event "AUTO-OPEN-666"]
[Site "http://www.queenalice.com/game.php?id=362750"]
[Date "2008.2.28"]
[Round "3"]
[White "Bergman"]
[Black "dac"]
[Result "1-0"]
[WhiteElo "2449"]
[BlackElo "2103"]

1. d4 Nc6 2. e4 d5 3. e5 Bf5 4. Nf3 e6 5. Be2 Nge7 6. Nh4 Be4 7. O-O Ng6 8. Nf3
f6 9. Nbd2 Bf5 10. Nb3 Qd7 11. Ne1 h5 12. Bxh5 O-O-O 13. f4 Be7 14. a4 Rh6 15.
a5 Rdh8 16. Bxg6 Bxg6 17. h3 Bf5 18. a6 b6 19. Rf3 Rg6 20. Kf1 fxe5 21. fxe5 Be4
22. Qe2 Bxf3 23. Nxf3 Bh4 24. c4 dxc4 25. Qxc4 Rf8 26. Bd2 Qd5 27. Qxd5 exd5 28.
Bc3 Nd8 29. Bb4 Rf7 30. Bd2 Ne6 31. Be3 Bg5 32. Bf2 Nf4 33. Ne1 Rc6 34. Rb1 Rf8
35. Rd1 Rc4 36. h4 Bh6 37. Nc1 Ng6 38. Ne2 Be3 39. Nf3 Bxf2 40. Kxf2 Nxh4 41.
Nc3 c6 42. Rd3 Rb4 43. Rd2 g5 44. Kg3 1-0

[Event "AUTO-OPEN-666"]
[Site "http://www.queenalice.com/game.php?id=362751"]
[Date "2008.2.28"]
[Round "3"]
[White "dac"]
[Black "Bergman"]
[Result "0-1"]
[WhiteElo "2082"]
[BlackElo "2450"]

1. Nf3 Nf6 2. d4 d5 3. Bf4 Nc6 4. Nc3 e6 5. e3 Bb4 6. Bd3 Ne4 7. O-O Nxc3 8.
bxc3 Bxc3 9. Rb1 f6 10. Rb3 Ba5 11. c4 O-O 12. Qb1 g5 13. Bg3 Qe7 14. cxd5 exd5
15. Rb5 Rd8 16. Qb3 Bb6 17. Rxd5 Rxd5 18. Qxd5+ Be6 19. Qb5 Bxa2 20. h4 h6 21.
Nd2 Be6 22. Bc4 Rd8 23. Rc1 Qf7 24. Bxe6 Qxe6 25. Qb1 Qf7 26. Qf5 Kg7 27. Nc4
Qg6 28. Qf3 Qf7 29. Bh2 Qd5 30. Qh3 Qd7 31. Qg3 Qf5 32. Kh1 Rd7 33. f3 Qe6 34.
Bg1 a5 35. Nxb6 cxb6 36. Rd1 a4 37. e4 Qb3 38. Qe1 a3 39. d5 a2 0-1

[Event "AUTO-OPEN-823"]
[Site "http://www.queenalice.com/game.php?id=367458"]
[Date "2008.3.8"]
[Round "2"]
[White "dac"]
[Black "tewald"]
[Result "1-0"]
[WhiteElo "2072"]
[BlackElo "1830"]

1. e4 e6 2. d4 d5 3. Nc3 Nc6 4. Bb5 Nf6 5. e5 Nd7 6. Nf3 Ne7 7. O-O c6 8. Bd3 f6
9. exf6 Nxf6 10. Re1 Ng6 11. Bxg6+ hxg6 12. Qd3 Qe7 13. Ne5 Qc7 14. Qxg6+ Ke7
15. Bg5 Qd8 16. Qf7+ Kd6 17. Nc4+ dxc4 18. Bf4+ e5 19. Bxe5# 1-0

[Event "AUTO-OPEN-823"]
[Site "http://www.queenalice.com/game.php?id=367459"]
[Date "2008.3.8"]
[Round "2"]
[White "tewald"]
[Black "dac"]
[Result "0-1"]
[WhiteElo "1836"]
[BlackElo "2078"]

1. e4 e5 2. d3 Nf6 3. f4 exf4 4. Bxf4 Bc5 5. Nf3 O-O 6. Qe2 d5 7. Nbd2 dxe4 8.
Nxe4 Nxe4 9. dxe4 Qf6 10. Be5 Qb6 11. O-O-O Nc6 12. Bf4 Re8 13. h3 Be6 14. g4
Bxa2 15. Bg2 Nb4 16. Rd2 Qa5 17. Kd1 Bb3 18. Ke1 Qa1+ 19. Qd1 Rxe4+ 20. Kf1 Bc4+
0-1